| 000 | 00582nam a2200181 4500 | ||
|---|---|---|---|
| 001 | 19292 | ||
| 005 | 20230410143537.0 | ||
| 008 | 060907n2000 dr spa | ||
| 020 | _a0471361216 | ||
| 035 | _9funglode19442 | ||
| 041 | _aEN | ||
| 050 | 1 | 4 | _aT 49.5 W553 2000 |
| 245 | 0 |
_aWharton on managing emerging technologies / _cedited by George S. Day, Paul J.H. Schoemaker, Robert E. Gunther |
|
| 260 |
_aNew York : _bJohn Wiley Sons, _c2000 |
||
| 300 | _axix, 460 p. | ||
| 700 | _aDay, George S. \ Schoemaker, Paul J.H \ Gunther, Robert E.; ed | ||
| 942 |
_2lcc _cbk |
||
| 999 |
_c103603 _d103603 |
||